| 000 | 01547nam a2200337 a 4500 | ||
|---|---|---|---|
| 001 | ebr10440471 | ||
| 003 | CaPaEBR | ||
| 006 | m u | ||
| 007 | cr cn||||||||| | ||
| 008 | 101005s2010 ne ad sb 101 0 eng d | ||
| 010 | _z 2010938639 | ||
| 020 | _z9781607506607 (hardcover) | ||
| 020 | _z9781607506614 (e-book) | ||
| 040 |
_aCaPaEBR _cCaPaEBR |
||
| 035 | _a(OCoLC)704520192 | ||
| 050 | 1 | 4 |
_aQ335 _b.B53 2010eb |
| 110 | 2 |
_aBICA Society. _bMeeting _n(1st) |
|
| 245 | 1 | 0 |
_aBiologically inspired cognitive architectures 2010 _h[electronic resource] : _bproceedings of the First Annual Meeting of the BICA Society / _cedited by Alexei V. Samsonovich ... [et al.]. |
| 260 |
_aAmsterdam, The Netherlands : _bIOS Press, _c2010. |
||
| 300 |
_axiii, 247 p. : _bill. (some col.). |
||
| 490 | 1 |
_aFrontiers in artificial intelligence and applications, _x0922-6389 ; _vv. 221 |
|
| 504 | _aIncludes bibliographical references and indexes. | ||
| 533 |
_aElectronic reproduction. _bPalo Alto, Calif. : _cebrary, _d2011. _nAvailable via World Wide Web. _nAccess may be limited to ebrary affiliated libraries. |
||
| 650 | 0 |
_aBiologically-inspired computing _vCongresses. |
|
| 650 | 0 |
_aArtificial intelligence _vCongresses. |
|
| 655 | 7 |
_aElectronic books. _2local |
|
| 700 | 1 | _aSamsonovich, Alexei V. | |
| 710 | 2 | _aebrary, Inc. | |
| 830 | 0 |
_aFrontiers in artificial intelligence and applications ; _vv. 221. |
|
| 856 | 4 | 0 |
_uhttp://site.ebrary.com/lib/rucke/Doc?id=10440471 _zAn electronic book accessible through the World Wide Web; click to view |
| 999 |
_c244903 _d244903 |
||